KUDUZ AŞISI (Record no. 682705)

MARC details
000 -LEADER
sabit uzunluktaki kontrol alanı 00220nam a2200097Ia 4500
001 - KONTROL NUMARASI
kontrol alanı 682705
005 - EN SON İŞLEMİN TARİH VE ZAMANI
kontrol alanı 20250826161424.0
008 - SABİT-UZUNLUKTA VERİ ÖĞELERİ--GENEL BİLGİ
sabit uzunluktaki kontrol alanı 250824s9999 xx 000 0 und d
245 #0 - ESER / YAZAR
ESER ADI KUDUZ AŞISI
Yazar Adı ALİ URAL
260 ## - YAYIN, DAĞITIM, VB.
YAYIN EVİ ŞULE
Holdings
Düşüm durumu Kayıp durumu Hasar Durumu Ödünç verilmez Ana kütüphane Geçerli Kütüphane Edinilen tarih Toplam ödünç verme sayısı Barkod Son görüntüleme tarihi Fiyatın geçerli olmaya başladığı tarih Koha materyal türü
        MUSTAFA BÜYÜKKAPLAN İMAM HATİP ORTAOKULU (ERKEK) MUSTAFA BÜYÜKKAPLAN İMAM HATİP ORTAOKULU (ERKEK) 24.08.2025   10053303 26.08.2025 26.08.2025 Books